|
|
|
|
| LEADER |
00934nab a2200241 i 4500 |
| 001 |
misc65103 |
| 005 |
20240827152411.0 |
| 008 |
240213s1968 hu o 000 fre d |
| 040 |
|
|
|a SZTE Miscellanea Repozitórium
|b hun
|
| 041 |
|
|
|a fre
|
| 041 |
|
|
|a tur
|
| 100 |
1 |
|
|a Tryjarski Edward
|
| 245 |
1 |
3 |
|a La terminologie des artisans turcs en roumanie
|h [elektronikus dokumentum] /
|c Tryjarski Edward
|
| 260 |
|
|
|a Académie Bulgare des Sciences
|b Sofiâ
|c 1968
|
| 300 |
|
|
|a 161-173
|c 23 cm
|
| 300 |
|
|
|a [13] p.
|c 23 cm
|
| 490 |
0 |
|
|a Actes du premier Congres International des Etudes Balkaniques et Sud-Est Européenes, Sofia, 26 aout-1 septembre 1966
|
| 561 |
|
|
|a Németh Gyula hagyaték
|
| 591 |
|
|
|a NOA 6175
|
| 650 |
|
4 |
|a Bölcsészettudományok
|
| 650 |
|
4 |
|a Nyelvek és irodalom
|
| 695 |
|
|
|a Kézművesség - török - Románia, Török nyelv - Románia
|
| 856 |
4 |
0 |
|u http://misc.bibl.u-szeged.hu/65103/1/6175_noa.pdf
|z Dokumentum-elérés
|